| 000 | 00576nam a2200193Ia 4500 | ||
|---|---|---|---|
| 003 | OSt | ||
| 005 | 20250522144503.0 | ||
| 008 | 210210b1988 xxu||||| |||| 00| 0 eng d | ||
| 040 | _cAL | ||
| 041 | _aKannada | ||
| 082 | _aK894.3 VENH | ||
| 100 |
_aVENKATARAM (Ta Pu). _dವೆಂಕಟರಾಮ್ (ತ ಪು). _9210652 |
||
| 245 |
_aHonnage kadittu maye. _bಹೊನ್ನಗೆ ಕಾದಿತ್ತು ಮಾಯೆ |
||
| 260 |
_aBengaluru _bGitanjali Pablikeshans _c1988 |
||
| 300 | _a220 | ||
| 690 |
_aKannada Fiction _9210653 |
||
| 906 | _a042936 | ||
| 942 |
_2ddc _cBK |
||
| 999 |
_c92560 _d92560 |
||